000 00509nam a2200181Ia 4500
001 12552
008 210118s1976 ii a g b000 u 346 u
082 _a891.44
100 _aThakur, Rabindranath.
245 0 _aChaaritra Puja /
_cRabindra Nath Thakur.
_hTextual Documents
250 _a1st ed. /
260 _aCalcutta :
_bBiswabharati Granthalai ,
_c1976.
300 _a91p. :
_bill. ;
_c18cm .
500 _a126/Ref/Ass
653 _aBengali Literature
653 _aReference-Bengali
942 _2ddc
_cBK
999 _c12538
_d12538